000 01232 a2200241 4500
001 43267
005 20260407155716.0
008 260407a2016 arg spa d
003 AR-UNSa-BCEJYS
040 _aAR-UNSa-BCEJYS
_bspa
_cAR-UNSa-BCEJYS
080 _a342.9
_xDerecho Administrativo
245 1 0 _aDerecho administrativo argentino
020 _a978-950-20-2766-1
264 1 _aBuenos Aires :
_bAbeledo Perrot
_c2016
300 _a3 v. (655 ; 646 ; 787 p.)
_c25 cm.
505 _aVol. I: 1. Introducción a la actividad de la administración pública - 2. Organización administrativa - 3. Los reglamentos - 4. Acto administrativo - 5. El control de la administración pública -- Vol. II: 6. Contratos administrativos - 7. Expropiación - 8. Servicios públicos - 9. Responsabilidad del estado - 10. Régimen de acceso a la información pública -- Vol III: 11. Legitimación administrativa y judicial - 12. Procedimiento administrativo - 13. Proceso administrativo
041 _aspa
942 _cBK
590 _aniveau_biblio:m niveau_hierar:0
100 1 _aCassagne, Juan Carlos
700 1 _aButeler, Alfonso
856 4 1 _uhttps://biblioeco.unsa.edu.ar/pmb/images/libros/L126603.jpg
_yImagen de portada
_qimage/jpeg
999 _c3680
_d3680